| Tag |
First Indicator |
Second Indicator |
Subfields |
| LEADER |
00000pam a2200000 a 4500 |
| 001 |
in00000071160 |
| 005 |
20151008062102.0 |
| 008 |
800714s1981 ctuaf b 00110 engm |
| 010 |
|
|
|a 80023829
|
| 020 |
|
|
|a 0300025114
|
| 035 |
|
|
|a (OCoLC)06579724
|
| 035 |
|
|
|9 AAJ9484AM
|
| 040 |
|
|
|a DLC
|c DLC
|d m.c.
|d TXA
|d UtOrBLW
|
| 043 |
|
|
|a a-cc---
|
| 049 |
|
|
|a TXAM
|c [1560850]
|
| 050 |
0 |
0 |
|a DS793.S52465
|b P34
|
| 082 |
0 |
|
|a 915.1/15
|2 19
|
| 100 |
1 |
|
|a Paludan, Ann,
|d 1928-
|
| 245 |
1 |
4 |
|a The Imperial Ming tombs /
|c text and photographs by Ann Paludan ; foreword by L. Carrington Goodrich.
|
| 264 |
|
1 |
|a New Haven :
|b Yale University Press,
|c [1981]
|
| 264 |
|
4 |
|c ©1981
|
| 300 |
|
|
|a xvi, 251 pages, 16 unnumbered pages of plates :
|b illustrations (some color) ;
|c 29 cm.
|
| 336 |
|
|
|a text
|b txt
|2 rdacontent
|
| 337 |
|
|
|a unmediated
|b n
|2 rdamedia
|
| 338 |
|
|
|a volume
|b nc
|2 rdacarrier
|
| 500 |
|
|
|a Includes index.
|
| 504 |
|
|
|a Bibliography: pages 239-243.
|
| 650 |
|
0 |
|a Ming Tombs (China)
|
| 999 |
|
|
|a MARS
|
| 999 |
f |
f |
|s 755db953-390c-3c40-ac61-e1e7924c9f9b
|i c8ad07cc-1906-3026-9d00-2408d9af76a8
|t 0
|
| 952 |
f |
f |
|p ric
|a Texas A&M University
|b Rellis Campus
|c Joint Library Facility
|d Remote Storage
|t 0
|e DS793.S52465 P34
|h Library of Congress classification
|i unmediated -- volume
|m A14806102653
|
| 998 |
f |
f |
|a DS793.S52465 P34
|t 0
|l Remote Storage
|